| 000 | 00559nam a22001937a 4500 | ||
|---|---|---|---|
| 003 | OSt | ||
| 005 | 20240626150157.0 | ||
| 008 | 240626b |||||||| |||| 00| 0 eng d | ||
| 020 | _a1844070905 | ||
| 040 | _cDDC | ||
| 082 | _a338.9 CIT 2004 | ||
| 100 |
_aEdited by Mark, R. Montgomery [et...al] _918106 |
||
| 245 | _aCities Transformed: demographic change and its implications in the developing | ||
| 260 |
_aLondon; _bEarthscan, _c2004 |
||
| 300 | _axvii,529p; ill: 23cm | ||
| 504 | _aIndex included | ||
| 650 |
_aUrbanization _912203 |
||
| 942 |
_2z _cO_SHELF |
||
| 999 |
_c8942 _d8942 |
||